| 000 | 00739nam a2200241 i 4500 | ||
|---|---|---|---|
| 001 | 91628 | ||
| 003 | ES-MaACL | ||
| 005 | 20250924063027.0 | ||
| 007 | t| | ||
| 008 | 050202s2004 sp ||||1| spa d | ||
| 020 | _a84-96136-63-9 | ||
| 080 | _a821.134.2-3.09"19" | ||
| 100 | 1 |
_aMasoliver Ródenas, Juan Antonio, _d1939- _978751 |
|
| 245 | 1 | 0 |
_aVoces contemporáneas / _cJuan Antonio Masoliver Ródenas. |
| 250 | _a1ª ed. | ||
| 260 |
_aBarcelona : _bAcantilado, _c2004. |
||
| 300 |
_a548 p. ; _c21 cm. |
||
| 490 | 1 |
_aEl Acantilado ; _v94 |
|
| 650 | 1 | 4 |
_aNovela española- _yS.XX- _xHistoria y crítica _915617 |
| 830 | 0 |
_aEl Acantilado ; _v94 _9179782 |
|
| 852 |
_aES-MaACL _jL-28767 _bR.135170 |
||
| 999 |
_c91628 _d91628 |
||